El embajador imperial Hans Khevenhüller (1538-1606) en España / (Record no. 184671)

MARC details
000 -LEADER
campo de control de longitud fija 01436nam a2200313 i 4500
001 - NÚMERO DE CONTROL
campo de control 184671
003 - IDENTIFICADOR DE NÚMERO DE CONTROL
campo de control ES-MaACL
005 - FECHA Y HORA DE LA ÚLTIMA TRANSACCIÓN
campo de control 20251007170423.0
008 - DATOS DE LONGITUD FIJA--INFORMACIÓN GENERAL
campo de control de longitud fija 151106s2015 sp f |||| |bspa d
020 ## - NÚMERO INTERNACIONAL ESTÁNDAR DEL LIBRO
Número Internacional Estándar del Libro 978-84-340-2205-8
080 ## - NÚMERO DE LA CLASIFICACIÓN DECIMAL UNIVERSAL
Número de la Clasificación Decimal Universal 929 Khevenhüller, Hans
100 1# - ENTRADA PRINCIPAL--NOMBRE DE PERSONA
Nombre de persona Alvar Ezquerra, Alfredo,
Fechas asociadas al nombre 1960-
9 (RLIN) 20585
245 13 - MENCIÓN DEL TÍTULO
Título El embajador imperial Hans Khevenhüller (1538-1606) en España /
Mención de responsabilidad, etc. Alfredo Alvar Ezquerra ; con traducciones de Ingrid Cáceres Würsig y Mónica Sainz Meister.
250 ## - MENCION DE EDICION
Mención de edición 1ª ed.
260 ## - PUBLICACIÓN, DISTRIBUCIÓN, ETC.
Lugar de publicación, distribución, etc. Madrid :
Nombre del editor, distribuidor, etc. Boletín Oficial del Estado :
-- Ministerio de Asuntos Exteriores y de Cooperación,
Fecha de publicación, distribución, etc. 2015.
300 ## - DESCRIPCIÓN FÍSICA
Extensión 750 p., [24] p. de lám. col. ;
Dimensiones 25 cm.
490 1# - MENCIÓN DE SERIE
Mención de serie Colección de derecho histórico
500 ## - NOTA GENERAL
Nota general Apéndice documental.
504 ## - NOTA DE BIBLIOGRAFÍA, ETC.
Nota de bibliografía, etc. Referencias bibliográficas.
505 8# - NOTA DE CONTENIDO CON FORMATO
Nota de contenido con formato Contiene: ;
Título Breve extracto / Hans Khevenhüller (p. 221-627) - Traducción del epistolario de Hans Khevenhüller con el Emperador Rodolfo II en 1598 (p. 673-734)
600 17 - PUNTO DE ACCESO ADICIONAL DE MATERIA--NOMBRE DE PERSONA
Nombre de persona Khevenhüller, Hans,
Fechas asociadas al nombre 1538-1606
Fuente del encabezamiento o término
9 (RLIN) 158105
700 1# - ENTRADA AGREGADA--NOMBRE PERSONAL
Nombre de persona Khevenhüller, Hans,
Fechas asociadas al nombre 1538-1606
9 (RLIN) 158105
710 1# - ENTRADA AGREGADA--NOMBRE DE ENTIDAD CORPORATIVA
Nombre de entidad corporativa o nombre de jurisdicción como elemento de entrada España.
Unidad subordinada Ministerio de Asuntos Exteriores y de Cooperación.
9 (RLIN) 3847
740 02 - ENTRADA AGREGADA--TÍTULO RELACIONADO/ANALÍTICO NO CONTROLADO
Título relacionado o analítico no controlado Breve extracto.
830 0# - PUNTO DE ACCESO ADICIONAL DE SERIE-TÍTULO UNIFORME
Título uniforme Colección de derecho histórico
9 (RLIN) 225113
852 ## - LOCALIZACIÓN
Ubicación ES-MaACL
Número de control de estantería A-13620
itemnumber 191681
Sublocalización o colección R.150938
Ubicación en estantería Depósito 1
Signatura antigua Olim: N-6620
Encuadernación enc. cart.
942 ## - ELEMENTOS DE ENTRADA SECUNDARIOS (KOHA)
Fuente del sistema de clasificación o colocación Clasificación decimal universal
Holdings
Estatus retirado Estado de pérdida Fuente del sistema de clasificación o colocación Estado de daño No para préstamo Biblioteca de origen Biblioteca actual Ubicación en estantería Fecha de adquisición Fuente de adquisición Total de préstamos Signatura topográfica completa Código de barras Visto por última vez Precio de reemplazo Tipo de ítem Koha
    Clasificación decimal universal     Biblioteca del Ateneo de Madrid Biblioteca del Ateneo de Madrid Depósito 1 06/11/2015 Donación   A-13620 1194436 23/02/2023 23/02/2023 Libro impreso